Schnelle Mathematik - Multiplikation zur Basis 12 Level 05 - Statistiken

Allgemein
  • Dieses Quiz wurde 29 mal gespielt
  • Das Durchschnittsergebnis liegt bei 10 aus 20
Antwortstatistiken
Frage Antwort % Korrekt
0⋅2 0
100%
0⋅3 0
100%
2⋅0 0
100%
6⋅0 0
100%
7⋅0 0
100%
4⋅5 18
100%
4⋅7 24
100%
6⋅5 26
100%
3⋅1 3
100%
7⋅6 36
100%
6⋅1 6
100%
1⋅2 2
80%
0⋅1 0
75%
1⋅7 7
75%
0⋅7 0
67%
3⋅0 0
67%
2⋅7 12
67%
7⋅2 12
67%
2⋅1 2
67%
4⋅6 20
67%
5⋅5 21
67%
7⋅5 2B
67%
7⋅1 7
67%
2⋅3 6
60%
2⋅4 8
57%
0⋅4 0
50%
5⋅3 13
50%
6⋅4 20
50%
7⋅4 24
50%
6⋅6 30
50%
1⋅4 4
50%
5⋅1 5
50%
1⋅6 6
50%
3⋅2 6
50%
3⋅3 9
50%
2⋅6 10
33%
3⋅7 19
33%
5⋅2 A
33%
0⋅6 0
25%
6⋅2 10
20%
0⋅0 0
0%
0⋅5 0
0%
1⋅0 0
0%
4⋅0 0
0%
5⋅0 0
0%
1⋅1 1
0%
3⋅4 10
0%
4⋅3 10
0%
3⋅5 13
0%
4⋅4 14
0%
3⋅6 16
0%
6⋅3 16
0%
5⋅4 18
0%
7⋅3 19
0%
5⋅6 26
0%
5⋅7 2B
0%
1⋅3 3
0%
6⋅7 36
0%
2⋅2 4
0%
4⋅1 4
0%
7⋅7 41
0%
1⋅5 5
0%
4⋅2 8
0%
2⋅5 A
0%
Keine übereinstimmenden Quizze gefunden
Verteilung der Resultate
Anzahl Personen mit jedem Resultat
Perzentil nach korrekt beantworteten Fragen
Ihre Resultats-Entwicklung
Sie haben dieses Quiz noch nicht gespielt